000
00305nam a22001457a 4500
008
210224b ||||| |||| 00| 0 eng d
020
_a
948876491773
041
_a
alb
080
_a
159.9
082
_a
159.9
100
_a
48
101
_a
PSI
245
_a
Vete analiza
_c
Hubbard, R
942
_2
udc
_c
BK
999
_c
55122
_d
55122